6 open source tools for linux, open file, visual cube (Record no. 139470)

000 -LEADER
fixed length control field 00291nmm a2200097Ia 4500
008 - FIXED-LENGTH DATA ELEMENTS--GENERAL INFORMATION
fixed length control field 220120s9999||||xx |||||||||||||||||und||
020 ## - INTERNATIONAL STANDARD BOOK NUMBER
International Standard Book Number 81-7656-351-X
100 ## - MAIN ENTRY--PERSONAL NAME
Personal name PCQ March 2010
245 #0 - TITLE STATEMENT
Title 6 open source tools for linux, open file, visual cube
260 ## - PUBLICATION, DISTRIBUTION, ETC.
Place of publication, distribution, etc. Cyber tach publication
Name of publisher, distributor, etc. New delhi
Holdings
Withdrawn status Lost status Damaged status Not for loan Home library Current library Date acquired Barcode Date last seen Price effective from Koha item type
        Central Library Central Library 01/20/2022 CD1021 01/20/2022 01/20/2022 Compact Disc

Powered by Koha